000 00572nam a2200229Ia 4500
003 OSt
005 20220924144541.0
006 a|||||r|||| 00| 0
007 ta
008 220923b |||||||| |||| 00| 0 urd d
024 _a315586
037 _cTextual
040 _aARTS
_cARTS
_burd
041 _2urd
_aurd
082 _aO168,1NCHIx, M2
100 _aChughtai Rusa
_9217866
245 0 _aZanjeer-e-Humsaigi
260 _c1982
650 _aURDU POETRY
942 _hO168,1NCHIx, M2
_cTEXL
_2CC
999 _c457422
_d457422